Vista normal Vista MARC

Resistencia de materiales : (Registro nro. 17408)

Detalles MARC
000 -Cabecera (24)
Campo de control interno 00995nam a22002534a 4500
001 - Número de control
Campo de control UTEA
005 - Fecha y hora de la
Campo de control 20251006092838.0
006 - Campos de control - información adicional
Campos de control g||||gr||||||01 nz
007 - Tipo material - Descripcion fisica - info general
Tipo material ta
008 - Códigos de longitud fija (40p)
Campo de control de longitud fija 250929b es ||||| |||| 00| 0 spa d
020 ## - INTERNATIONAL STANDARD BOOK NUMBER
ISBN 9788426737496
040 ## - Origen de la Catalogacion
Centro catalogador/agencia de origen UTEA
041 ## - Código de idioma (R)
Código de lengua del texto/banda sonora o título independiente (R) spa
082 ## - Número de la Clasificación
Número de la Clasificación 620.112
Notación Interna A44 2024
100 ## - Autor Personal
Autor Personal Alemán Ramírez Tomás Wilson
Término indicativo de función (R) autor
245 ## - Titulo
Titulo Resistencia de materiales :
Subtitulo para estudiantes de ingeniería civil /
Mención del autor Tomás Wilson Alemán Ramirez
Medio físico [Texto Impreso]
250 ## - Mencion de edicion
Mencion de edicion 1a edición
260 ## - Editorial
Ciudad España;
Nombre de la Editorial Editorial marcombo;
Fecha 2024
300 ## - Descripcion
Páginas 578 páginas;
Otros detalles físicos Figuras;
Dimensiones 14 x 25 cm.
505 ## - Nota de contenido formateada
Nota de contenido formateada Índice del Libro] Tensión simple -- Deformación simple -- Momento de torsión -- Tensión en vigas -- Deformación en vigas -- Vigas Hiperestáticas continuas -- Esfuerzos confinados -- Estabilidad en columnas.
650 ## - Temas - Descriptores
Temas - Descriptores RESISTENCIA DE MATERIALES
9 (RLIN) 22328
650 ## - Temas - Descriptores
Temas - Descriptores TENSIÓN SIMPLE
9 (RLIN) 59590
942 ## - Datos personalizados Koha
Esquema de Clasificacion Dewey Decimal Classification
Tipo de Documento Libros
Fecha procesamiento 2025-10-06
Catalogador Mag. Cecilio Flores Noa
Existencias
Estado de retiro Estado de pérdida Fuente de Clasificacion Estado No para préstamo Escuela Profesional/ Mención de Maestría Localización permanente Ubicación/localización actual Fecha de adquisición Fuente de adquisición Signatura topográfica completa Código de barras Precio válido a partir de Tipo de ítem Koha Ubicación en estantería Número de Ejemplar
    Dewey Decimal Classification     E.P. Ingeniería Civil Biblio. Andahuaylas UTEA Biblio. Andahuaylas UTEA 09/29/2025 Compra 620.112 A44 2024 BAND25090453 09/29/2025 Libros    
    Dewey Decimal Classification     E.P. Ingeniería Civil Biblioteca Abancay UTEA Biblioteca Abancay UTEA 10/02/2025 Compra 620.112 A44 2024 BABA25100047 10/02/2025 Libros Área de Ciencias Puras y Aplicada (primer piso)  
    Dewey Decimal Classification     E.P. Ingeniería Civil Biblioteca Cusco UTEA Biblioteca Cusco UTEA 10/06/2025 Compra 620.112 A44 2024 BCUS25100063 10/06/2025 Libros Biblioteca Puputi ej.1
    Dewey Decimal Classification     E.P. Ingeniería Civil Biblioteca Cusco UTEA Biblioteca Cusco UTEA 10/06/2025 Compra 620.112 A44 2024 BCUS25100064 10/06/2025 Libros Biblioteca Puputi ej.2